000 00385nam a22001697a 4500
003 MPLRDC
005 20220104143445.0
008 210129b ||||| |||| 00| 0 eng d
020 _a957-9233-53-5
082 _a097 ZX-2
100 _a朱熹
245 _a四书章句集注
_c
260 _a
_b大安出版社
_c1994
300 _b
650 _a四书
942 _cBK
_o097 ZX-2
999 _c40093
_d40083